| 000 | 00810cam a2200205 4500 | ||
|---|---|---|---|
| 001 | ABS63333 | ||
| 008 | 000000n2000 000 0 eng u | ||
| 035 | _a(Sirsi) u110225 | ||
| 245 | _aSticks and stones: a template for success | ||
| 260 | _c2000 | ||
| 490 |
_aForestry and British Timber _v29(1) January 2001, 12-14(4) |
||
| 520 | _aThe Forestry Commission and RMC Aggregates have developed a technique based on the principle of sympathetic restoration whereby small areas of land can be quarried and restored to forestry immediately after extraction has taken place. Quotes the Warren Heath and Bramshill sites as examples. | ||
| 590 | _aABS | ||
| 650 | _aLAND RECLAMATION | ||
| 650 | _aQUARRYING | ||
| 650 | _aRESTORATION | ||
| 650 | _aFORESTRY | ||
| 690 | _aMINING AND MINERALS | ||
| 942 | _n0 | ||
| 999 |
_c65730 _d65730 |
||